| 000 | 00335nam a2200133Ia 4500 | ||
|---|---|---|---|
| 008 | 191201s2004 xx 000 0 und d | ||
| 082 |
_a604.2 _bSIE |
||
| 100 | _aSIDDIQUEE, Arshad N | ||
| 245 | 0 | _aEngineering Drawing with: Primer on AutoCAD | |
| 260 |
_aN.Delhi _bPHI _c2004 |
||
| 300 | _a312 | ||
| 650 | _aB.Tech(ME) | ||
| 942 |
_2ddc _cBK |
||
| 999 |
_c1844 _d1844 |
||